000
00398nam a2200133Ia 4500
008
100328s9999 xx 000 0 und d
082
_b
19727
100
_a
मराठे प्रभाकर.द.
245
_a
अंधारपुत्र
260
_b
मेघा लोणकर
630
_a
अंधारपुत्र
730
_a
अंधारपुत्र
942
_c
BOOK
999
_c
513998
_d
513995